000 00380 a2200157 4500
001 56918
020 _a8526244205
040 _cAnchieta - Pituba
100 _aMartinelli, Tânia Alexandre
240 1 0 _aE-mãe a internet me aprontou uma!
_lpor
245 1 0 _aE-mãe a internet me aprontou uma!
300 _a95
362 0 _a2004
650 4 _aLiteratura juvenil
942 _cBK
999 _c56918
_d56918